000 00653nam a2200217 i 4500
001 bgj
245 0 0 _aThe Western Experience /
_cMortimer Chambers [et al.].
250 _a4th ed.
260 _aNew York :
_bAlfred A. Knopf,
_ccop. 1987.
300 _aXV, 1200, XLV pp, 164 colour plates :
_bmaps, photos ;
_c23 cm.
505 _aIncludes bibliographies and index.
650 9 _aCivilization
_xHistory
650 9 _aCivilization, |Western
_xHistory
700 1 _aCHAMBERS, Mortimer
020 _a0394362322 (hbk)
040 _cBPK
041 0 _aeng
920 _a0-394-36232-2 (hbk)
942 _cKS
008 s uk f |000 0 eng
999 _c41354
_d41354
856 _uhttp://koha.tu.koszalin.pl/cgi-bin/koha/opac-detail.pl?biblionumber=41354
_yKatalog online BPK